000
00233nam a2200097Ia 4500
008
120527s9999 xx 000 0 und d
100
_a
Peter Fellows.et al.
245
_a
Appropriate food packaging.
260
_b
TOOL/ILO
942
_c
BK
999
_c
21107
_d
21107